| 000 | 01633cam a2200157 4500500 | ||
|---|---|---|---|
| 005 | 20260329004501.0 | ||
| 041 | _afre | ||
| 042 | _adc | ||
| 100 | 1 | 0 |
_aLebeau, Bertrand _eauthor |
| 245 | 0 | 0 | _aToward a bright future? Prohibition, legalization, and harm reduction in 2025 |
| 260 | _c2026. | ||
| 500 | _a38 | ||
| 520 | _aAbstract: In France, in the early 1990s, harm reduction activists were prudent about drug prohibition. They were opposed to the penalization of simple use because it represents an obstacle to prevention and care. Faced with the specialized care system, which explained that nothing could be done because of the law of 1970, they fought for needle exchange programs, substitution treatments, and access to care for drug users, especially injecting drug users with HIV. Now, in 2025, faced with the violence and corrupting ability of criminal organizations, the French government argues that drug users are the real problem: No drug users, no trafficking! Therefore, we must explain that drug users have no other choice than the black market, and we must fight for a radical change in drug policy. At a time when cannabis prohibition has been abandoned by several nations, we must continue to move forward. Coca leaf should be removed from the 1961 Convention. This would be a second step toward a policy inspired by harm reduction, public safety, and human rights, far from punitive prohibition. This is the new frontier. | ||
| 786 | 0 | _nPsychotropes | 32 | 1-2 | 2026-03-16 | p. 141-157 | 1245-2092 | |
| 856 | 4 | 1 | _uhttps://shs.cairn.info/journal-psychotropes-2026-1-2-page-141?lang=en&redirect-ssocas=7080 |
| 999 |
_c1834348 _d1834348 |
||